Croatian towns and municipalities coats of arms: Šibenik Knin - Statistics

General Stats
  • This quiz has been taken 31 times
  • The average score is 12 of 20
Answer Stats
Picture Answer % Correct
Rogoznica
100%
Šibenik
100%
Unešić
100%
Civljane
96%
Kistanje
96%
Knin
96%
Vodice
88%
Drniš
77%
Primošten
73%
Skradin
65%
Pirovac
54%
Tisno
54%
Tribunj
50%
Kijevo
38%
Promina
35%
Bilice
31%
Ervenik
27%
Murter-Kornati
23%
Ružić
23%
Biskupija
19%
No matching quizzes found
Score Distribution
Percent of People with Each Score
Percentile by Number Answered
Your Score History
You have not taken this quiz